书目信息 |
| 题名: |
网络基础
|
|
| 作者: | 陈露晓 主编 ;胡杨 , 王玮 分册主编 | |
| 分册: | ||
| 出版信息: | 北京 中国社会出版社 2010.01 |
|
| 页数: | 155页 | |
| 开本: | 21cm | |
| 丛书名: | 老年人网络新生活丛书 | |
| 单 册: | ||
| 中图分类: | TP393 | |
| 科图分类: | ||
| 主题词: | 计算机网络--ji suan ji wang luo--基本知识 | |
| 电子资源: | ||
| ISBN: | 978-7-5087-2836-0 | |
| 000 | 01059nam 2200277 450 | |
| 001 | 012010476515 | |
| 005 | 20100419092335.23 | |
| 010 | @a978-7-5087-2836-0@dCNY10.00 | |
| 100 | @a20100415d2010 em y0chiy0120 ea | |
| 101 | 0 | @achi |
| 102 | @aCN@b110000 | |
| 105 | @aa z 000yy | |
| 106 | @ar | |
| 200 | 1 | @a网络基础@Awang luo ji chu@f陈露晓主编@Fzhu bian chen lu xiao@g胡杨, 王玮分册主编@Ghu yang,wang wei fen ce zhu bian |
| 210 | @a北京@c中国社会出版社@d2010.01 | |
| 215 | @a155页@c图@d21cm | |
| 225 | 2 | @a老年人网络新生活丛书@Alao nian ren wang luo xin sheng huo cong shu |
| 330 | @a本书共分七章,内容包括:计算机简介、电脑的开机和关机、文字输入的基本操作、设置您的计算机、认识计算机的程序和菜单、管理文件和文件夹、Windows辅助功能。 | |
| 410 | 0 | @12001 @a老年人网络新生活丛书 |
| 606 | 0 | @a计算机网络@Aji suan ji wang luo@x基本知识 |
| 690 | @aTP393@v4 | |
| 701 | 0 | @a陈露晓@Achen lu xiao@4主编 |
| 702 | 0 | @a胡杨@Ahu yang@4分册主编 |
| 702 | 0 | @a王玮@Awang wei@4分册主编 |
| 801 | 0 | @aCN@bQSSK@c20100419 |
| 905 | @b778404-06@dTP393@eC507@f3 | |
| 网络基础/陈露晓主编/胡杨, 王玮分册主编.-北京:中国社会出版社,2010.01 |
| 155页:图;21cm.-(老年人网络新生活丛书) |
| ISBN 978-7-5087-2836-0:CNY10.00 |
| 本书共分七章,内容包括:计算机简介、电脑的开机和关机、文字输入的基本操作、设置您的计算机、认识计算机的程序和菜单、管理文件和文件夹、Windows辅助功能。 |
| ● |
| 相关链接 |
|
|
|
正题名:网络基础
索取号:TP393/C507
 
预约/预借
| 序号 | 登录号 | 条形码 | 馆藏地/架位号 | 状态 | 备注 |
| 1 | 778404 | 207784049 | 自科库301/301自科库 114排1列6层/ [索取号:TP393/C507] | 在馆 | |
| 2 | 778405 | 207784058 | 自科二线404/301自科库 107排2列3层/ [索取号:TP393/C507] | 在馆 | |
| 3 | 778406 | 207784067 | 自科库301/301自科库 114排1列6层/ [索取号:TP393/C507] | 在馆 |